000 00838nam a2200217 i 4500
001 181277
003 ES-MaACL
005 20250627112257.0
008 121129s1876 sp |||| | spa d
100 1 _aAimard, Gustave.
_918974
245 1 0 _aLorenzo el guapo /
_cpor Gustavo Aimard ; versión por Manuel T. del Real.
260 _aBarcelona :
_bLuis Tasso,
_c1876.
300 _a73 p. ;
_c28 cm.
490 1 _aBiblioteca de El Plus Ultra. Novelas escogidas de Gustavo Aimard
700 1 _aReal, Manuel T. del.
_9151867
830 0 _aBiblioteca de El Plus Ultra. Novelas escogidas de Gustavo Aimard
_9191423
852 _aES-MaACL
_jFol-Laf-39
_z.- Legado M. de la Fuente
856 _ubdh-rd.bne.es/viewer.vm?id=0000298274&page=1
_yVersión en línea
_z(Biblioteca Digital Hispánica)
942 _2udc
999 _c181277
_d181277